000 00736nam a2200265Ia 4500
003 OSt
005 20220918193302.0
006 a|||||r|||| 00| 0
007 ta
008 220917b |||||||| |||| 00| 0 eng d
024 _a72,478
037 _cTextual
040 _aARTS
_cARTS
_beng
041 _2eng
_aeng
082 _aR44(Y), L8
100 _aDiener Edward
_981394
245 0 _aEthics in social and behavioral research
260 _aChicago
_bUniv of Chicago Press
_c1978
300 _ax,266p.
_ccm.
500 _aAppendix 221-32p
650 _aPROFESSIONAL ETHICS
_913764
700 _a Crandall Rick
_981395
942 _hR44(Y), L8
_cTEXL
_2CC
999 _c198466
_d198466